Online Catalogue and eLibrary

Rhetorical spaces : (Record no. 17)

MARC details
000 -LEADER
fixed length control field 00673cam a2200229 a 4500
001 - CONTROL NUMBER
control field 3032191
005 - DATE AND TIME OF LATEST TRANSACTION
control field 20231115022506.0
008 - FIXED-LENGTH DATA ELEMENTS--GENERAL INFORMATION
fixed length control field 950223s1995 nyu b 001 0 eng
020 ## - INTERNATIONAL STANDARD BOOK NUMBER
ISBN 0415909368 (cloth)
020 ## - INTERNATIONAL STANDARD BOOK NUMBER
ISBN 0415909376 (pbk.)
040 ## - CATALOGING SOURCE (பட்டியலாக்க மூலம்)
Original cataloging agency DLC
Transcribing agency DLC
Modifying agency DLC
082 00 - DDC Classification
Class No. 305.42/01
DDC Edition Number 20
100 1# - MAIN ENTRY--PERSONAL NAME
Personal name Code, Lorraine.
245 10 - TITLE STATEMENT
Title Rhetorical spaces :
Remainder of title essays on gendered locations /
Statement of responsibility, etc. Lorraine Code.
260 ## - PUBLICATION, DISTRIBUTION, ETC.
Place of publication, distribution, etc. New York :
Name of publisher, distributor, etc. Routledge,
Date of publication, distribution, etc. 1995.
300 ## - PHYSICAL DESCRIPTION
Extent (e.g. Volumes, Pages etc.) xvii, 258 p. ;
650 #0 - SUBJECT ADDED ENTRY--TOPICAL TERM
Topical term or geographic name entry element Feminist theory.
650 #0 - SUBJECT ADDED ENTRY--TOPICAL TERM
Topical term or geographic name entry element Knowledge, Theory of.
700 ## - ADDED ENTRY--PERSONAL NAME
Personal name Code, Lorraine.
856 42 - ELECTRONIC LOCATION AND ACCESS
Uniform Resource Identifier <a href="http://www.loc.gov/catdir/enhancements/fy0651/95008037-d.html">http://www.loc.gov/catdir/enhancements/fy0651/95008037-d.html</a>
942 ## - Koha item type (Biblio)
Koha item type Books in Stacks (Lending)
Holdings
Lost status Damaged status Collection code Home library Current library Date acquired Full call number Accession Number Item type
    Lending WERC Library WERC Library 11/15/2023 305.42 5186 Books in Stacks (Lending)

© WERC Library